El estilo y la evolución de la cultura

Saved in:
Bibliographic Details
Main Author: Kroeber, Alfred L (Author)
Format: Book
Language:Spanish
Published: Madrid Guadarrama 1969
Series:Colección Universitaria de Bolsillo Punto Omega, 55
Subjects:
Tags: Add Tag
No Tags, Be the first to tag this record!

MARC

LEADER 00000nam a2200000 a 4500
001 UCZ6392
003 CL-VaPUC
008 951211e19690000SP |||||||||||||||||spa|d
082 0 4 |a 306  |b KRO  |2 21 
100 |a Kroeber, Alfred L  |e author  |9 410519 
245 1 3 |a El estilo y la evolución de la cultura 
300 |a 286 p 
942 |c BK 
945 |d 19951211 00:00:00  |a rleighto 
260 |a Madrid  |b Guadarrama  |c 1969 
650 0 |a Cultura  |9 269059 
650 0 |a Civilización   |9 255823 
650 0 |a Civilizaciones antiguas  |9 265998 
650 0 |a Historia antigua  |9 267521 
650 7 |a NUEVAS CULTURAS  |2 CL-VaPUC  |9 350661 
650 0 |a Geografía  |9 259346 
650 0 |a Filosofía   |9 223554 
650 0 |a Ciencia  |9 255691 
650 0 |a Historia  |9 255047 
583 |a last modification  |c 19951211 00:00:00  |k Rodrigo Vera 
490 0 |a Colección Universitaria de Bolsillo Punto Omega, 55 
999 |c 242597  |d 242595 
952 |0 0  |1 0  |4 0  |6 306_000000000000000_KRO_1969  |7 0  |8 A  |9 255652  |a BIBEDU  |b BIBEDU  |d 2019-11-19  |i 3159825  |o 306 KRO 1969  |p 3159825  |r 2019-11-19  |w 2019-11-19  |y BK  |k LIT 
952 |0 0  |1 0  |4 0  |6 306_000000000000000_KRO_1969  |7 0  |8 A  |9 255653  |a BIBGIM  |b BIBGIM  |d 2019-11-19  |i 3363937  |o 306 KRO 1969  |p 3363937  |r 2025-01-15  |w 2019-11-19  |y BK  |k GIM 
952 |0 0  |1 0  |4 0  |6 306_000000000000000_KRO_1969  |7 0  |8 A  |9 255654  |a BIBEDU  |b BIBEDU  |d 2019-11-19  |i 1461893  |o 306 KRO 1969  |p 1461893  |r 2019-11-19  |w 2019-11-19  |y BK  |k LIT